[Event "Titled Tue 26th Aug Early"]
[Site "chess.com INT"]
[Date "2025.08.26"]
[Round "1"]
[White "Itkis, Boris"]
[Black "Morozov, Egor"]
[Result "0-1"]
[WhiteTitle "IM"]
[BlackTitle "FM"]
[WhiteElo "2250"]
[BlackElo "2291"]
[WhiteFideId "1209167"]
[BlackFideId "24102121"]
[EventDate "2025.08.26"]

1. d4 Nf6 2. c4 g6 3. Nc3 Bg7 4. e4 d6 5. Be2 O-O 6. Nf3 e5 7. O-O Nc6 8. d5 Ne7
9. Ne1 Nd7 10. f3 f5 11. Nd3 a5 12. Be3 f4 13. Bf2 g5 14. a3 Nf6 15. b4 h5 16.
c5 g4 17. cxd6 cxd6 18. bxa5 Rxa5 19. Qb3 Ra6 20. Rac1 Ng6 21. Nb5 Rf7 22. Qc4
Bd7 23. Nc7 g3 24. hxg3 fxg3 25. Bxg3 Rxa3 26. Ne6 Qa5 27. Qc7 Qd2 28. Qb8+ Bf8
29. Rfe1 Rxd3 30. Bxd3 Qxd3 31. Bf2 h4 32. Rc7 h3 33. Qxb7 hxg2 34. Kxg2 Nf4+
35. Nxf4 exf4 36. Rg1 Rg7+ 37. Kh1 Qxf3+ 38. Kh2 Qh5+ 39. Bh4 Qxh4# 0-1

[Event "Titled Tue 26th Aug Early"]
[Site "chess.com INT"]
[Date "2025.08.26"]
[Round "1"]
[White "Yeung, Jason"]
[Black "Le, Tuan Minh"]
[Result "0-1"]
[WhiteTitle "FM"]
[BlackTitle "GM"]
[WhiteElo "2158"]
[BlackElo "2598"]
[WhiteFideId "8203970"]
[BlackFideId "12401153"]
[EventDate "2025.08.26"]

1. e4 e5 2. Nf3 Nc6 3. Bb5 a6 4. Ba4 Bc5 5. O-O Nge7 6. c3 Ng6 7. d4 Ba7 8. Re1
O-O 9. Be3 d6 10. Nbd2 h6 11. Nf1 Bg4 12. d5 Nce7 13. Bc2 f5 14. h3 fxe4 15.
Bxe4 Bf5 16. Bxa7 Rxa7 17. Ng3 Bxe4 18. Nxe4 Qd7 19. Ng3 Raa8 20. c4 Nf4 21. Re4
Rf7 22. Nh4 Raf8 23. Qg4 Qxg4 24. hxg4 Nd3 25. f3 Nxb2 26. Rb1 Nd3 27. Rxb7 Nc5
28. Rxc7 Nxe4 29. Nxe4 g5 30. Nxd6 Rg7 31. Rxe7 Rxe7 32. Ng6 Rc7 33. Nxf8 Kxf8
34. Kf2 Rc5 35. Ke3 Ra5 36. Ke4 Rxa2 37. c5 Rc2 38. c6 a5 39. Nb5 a4 40. c7 Ke7
41. d6+ Kd7 42. Kxe5 Rc5+ 43. Kd4 Rxb5 0-1

[Event "Titled Tue 26th Aug Early"]
[Site "chess.com INT"]
[Date "2025.08.26"]
[Round "1"]
[White "Dinesh, Rajan M"]
[Black "Kjaergaard-Jensen, Jesper"]
[Result "1-0"]
[WhiteTitle "CM"]
[BlackTitle "CM"]
[WhiteElo "2206"]
[BlackElo "2081"]
[WhiteFideId "35060600"]
[BlackFideId "1406990"]
[EventDate "2025.08.26"]

1. e4 Nf6 2. e5 Nd5 3. Nf3 d6 4. d4 Bg4 5. Bc4 e6 6. exd6 Qxd6 7. h3 Bxf3 8.
Qxf3 Nc6 9. c3 Be7 10. O-O Bf6 11. Nd2 Nb6 12. Ne4 Qd8 13. Bb5 Nd5 14. c4 Nb6
15. Nxf6+ Qxf6 16. Bxc6+ bxc6 17. Qxc6+ Ke7 18. Qxc7+ Nd7 19. Bd2 Rhc8 20. Bb4+
Ke8 21. Qd6 Rxc4 22. d5 e5 23. b3 Rd4 24. Rad1 Rxd1 25. Rxd1 Qxd6 26. Bxd6 Rc8
27. f4 e4 28. f5 Rc2 29. Re1 Rxa2 30. Rxe4+ Kd8 31. Re7 Rd2 32. Rxf7 Rxd5 33.
Bf4 a5 34. g4 Rd3 35. Kg2 Rxb3 36. Rxg7 a4 37. f6 Nxf6 38. Bg5 Rb6 39. Rf7 a3
40. Rxf6 Rb2+ 41. Rf2+ Kd7 42. Bf6 Rb3 43. h4 Ke6 44. g5 Rb4 45. Kg3 Rb3+ 46.
Rf3 Rb2 47. Bxb2 1-0

[Event "Titled Tue 26th Aug Early"]
[Site "chess.com INT"]
[Date "2025.08.26"]
[Round "1"]
[White "Urbina Perez, Juan Antonio"]
[Black "Mueller, Riyanna"]
[Result "1-0"]
[WhiteTitle "FM"]
[BlackTitle "WFM"]
[WhiteElo "2221"]
[BlackElo "2079"]
[WhiteFideId "2217368"]
[BlackFideId "16287401"]
[EventDate "2025.08.26"]

1. e4 d5 2. exd5 Qxd5 3. Nc3 Qd6 4. d4 Nf6 5. Bc4 a6 6. Bb3 b5 7. Nge2 Bb7 8.
Bf4 Qd8 9. f3 e6 10. Qd2 c5 11. dxc5 Qxd2+ 12. Bxd2 Bxc5 13. O-O-O Nc6 14. Bg5
Be7 15. Rd2 O-O 16. Rhd1 h6 17. Bh4 Rfd8 18. Bxf6 Bxf6 19. Ne4 Be7 20. Nd6 Bxd6
21. Rxd6 Kf8 22. c3 Ke7 23. R6d2 Rxd2 24. Rxd2 Na5 25. Bc2 Nc4 26. Rd3 Rc8 27.
b3 Na3 28. Kb2 Nxc2 29. Kxc2 Bd5 30. Nf4 Bb7 31. Kb2 Rc5 32. Ne2 e5 33. Re3 Ke6
34. Nc1 f6 35. Kc2 Rd5 36. Nd3 Rd7 37. Nc5+ Kd6 38. Nxd7 Kxd7 39. c4 bxc4 40.
bxc4 Kc6 41. Kc3 Kc5 42. Rd3 Bc6 43. Rd8 a5 44. Rg8 Bb7 45. Rxg7 Ba6 46. Rc7+
Kd6 47. Ra7 1-0

[Event "Titled Tue 26th Aug Early"]
[Site "chess.com INT"]
[Date "2025.08.26"]
[Round "1"]
[White "Atzl, Florian"]
[Black "Karttunen, Mika"]
[Result "0-1"]
[WhiteTitle "CM"]
[BlackTitle "IM"]
[WhiteElo "2146"]
[BlackElo "2490"]
[WhiteFideId "1635891"]
[BlackFideId "502081"]
[EventDate "2025.08.26"]

1. e4 c5 2. Nf3 d6 3. d4 cxd4 4. Nxd4 Nf6 5. Nc3 a6 6. h3 e5 7. Nde2 h5 8. g3 b5
9. Bg2 Bb7 10. a4 b4 11. Nd5 Bxd5 12. exd5 Nbd7 13. Be3 g6 14. O-O Bg7 15. Rc1
Qb8 16. c4 bxc3 17. bxc3 O-O 18. Qd2 Rc8 19. Rb1 Qc7 20. Rfc1 Nc5 21. Qa2 Nfd7
22. a5 Rab8 23. Bf1 Nd3 24. Rd1 N7c5 25. Nc1 Rxb1 26. Qxb1 Rb8 27. Qa1 Nxc1 28.
Rxc1 Nb3 29. Qb2 Nxc1 30. Qxc1 Qxa5 31. c4 e4 32. Qc2 f5 33. g4 Rb2 34. Qc1 hxg4
35. hxg4 Qa2 36. c5 Rb1 37. Qc4 Qxc4 0-1

[Event "Titled Tue 26th Aug Early"]
[Site "chess.com INT"]
[Date "2025.08.26"]
[Round "1"]
[White "Sakhayi, Mostafa"]
[Black "Schnaider, Ilan"]
[Result "1-0"]
[WhiteTitle "CM"]
[BlackTitle "IM"]
[WhiteElo "2166"]
[BlackElo "2386"]
[WhiteFideId "12512532"]
[BlackFideId "169013"]
[EventDate "2025.08.26"]

1. d4 d5 2. c4 dxc4 3. e3 e5 4. Bxc4 exd4 5. Qb3 Qd7 6. Nf3 Nc6 7. O-O Na5 8.
Qc2 Nxc4 9. Qxc4 Nf6 10. exd4 Be7 11. Ne5 Qd5 12. Qxc7 Bd6 13. Qc4 Bxe5 14. Qxd5
Bxh2+ 15. Kxh2 Nxd5 16. Nc3 Be6 17. Nxd5 Bxd5 18. Re1+ Kd7 19. Re5 Bc6 20. d5
Bb5 21. d6 Bc4 22. Re7+ Kxd6 23. Rxb7 Kc6 24. Rb4 Kc5 25. a3 a5 26. Be3+ Kd5 27.
Rd1+ Ke6 28. Rxc4 Rhb8 29. Re4+ Kf5 30. Rf4+ Kg6 31. Rg4+ Kf5 32. Rxg7 Rxb2 33.
Rxf7+ Ke6 34. Rxh7 a4 35. Rh6+ Ke5 36. Bd4+ Kf5 37. Bxb2 Kg5 38. Rdd6 Kf4 39.
Rhf6+ Ke4 40. Rfe6+ Kf5 41. Re5+ Kg4 42. Rd4# 1-0

[Event "Titled Tue 26th Aug Early"]
[Site "chess.com INT"]
[Date "2025.08.26"]
[Round "1"]
[White "Belov, Alexei"]
[Black "Bongo Akanga Ndjila, Barthelemy"]
[Result "1-0"]
[WhiteTitle "IM"]
[BlackTitle "CM"]
[WhiteElo "2421"]
[BlackElo "1847"]
[WhiteFideId "4128206"]
[BlackFideId "10609431"]
[EventDate "2025.08.26"]

1. e4 e6 2. d4 d5 3. Nd2 Nf6 4. e5 Nfd7 5. Bd3 c5 6. c3 Nc6 7. Ne2 b5 8. Bxb5
Qb6 9. Qa4 Bb7 10. O-O a6 11. Bd3 c4 12. Bb1 f5 13. exf6 Nxf6 14. Nf4 Bc8 15.
Re1 Bd7 16. Nxe6 Kf7 17. Ng5+ Kg8 18. Qd1 h6 19. Ne6 Bd6 20. Nf3 Re8 21. Nf4
Bxf4 22. Bxf4 Kf7 23. b3 cxb3 24. axb3 Rxe1+ 25. Qxe1 Qxb3 26. Rxa6 Re8 27. Ne5+
Nxe5 28. Bxe5 Bb5 29. Ra7+ Kg8 30. Bg6 Rf8 31. h3 Be8 32. Bxf6 Qb6 33. Rxg7+ Kh8
34. Rf7+ Kg8 35. Rxf8+ Kxf8 36. Qxe8# 1-0

[Event "Titled Tue 26th Aug Early"]
[Site "chess.com INT"]
[Date "2025.08.26"]
[Round "1"]
[White "Bortnyk, Olexandr"]
[Black "Mattenberger, Matthias"]
[Result "1-0"]
[WhiteTitle "GM"]
[BlackTitle "FM"]
[WhiteElo "2601"]
[BlackElo "2236"]
[WhiteFideId "14120828"]
[BlackFideId "1339958"]
[EventDate "2025.08.26"]

1. d4 Nf6 2. Nc3 d5 3. Bf4 a6 4. e3 c5 5. dxc5 Nc6 6. a3 e5 7. Bg5 Be6 8. b4 Be7
9. Na4 O-O 10. Nb6 Rb8 11. Nf3 h6 12. Bh4 d4 13. Bc4 Bxc4 14. Nxc4 Nd5 15. Bxe7
Qxe7 16. O-O Rbd8 17. exd4 e4 18. Re1 Qf6 19. Nfe5 Nf4 20. Nxc6 bxc6 21. Rxe4
Rfe8 22. Rxe8+ Rxe8 23. Ne3 Re4 24. c3 Qg5 25. Qf3 Re6 26. h4 Qf6 27. Rd1 g5 28.
hxg5 hxg5 29. g3 Nh5 30. Qxh5 1-0

[Event "Titled Tue 26th Aug Early"]
[Site "chess.com INT"]
[Date "2025.08.26"]
[Round "1"]
[White "Terry, Renato"]
[Black "Bulgak, Damir"]
[Result "1/2-1/2"]
[WhiteTitle "IM"]
[BlackTitle "CM"]
[WhiteElo "2508"]
[BlackElo "2254"]
[WhiteFideId "3803457"]
[BlackFideId "13528882"]
[EventDate "2025.08.26"]

1. e4 c5 2. Nf3 Nc6 3. Bb5 e6 4. O-O Nge7 5. Re1 a6 6. Bxc6 Nxc6 7. d4 cxd4 8.
Nxd4 Bc5 9. Nxc6 bxc6 10. Qg4 O-O 11. e5 f5 12. Qc4 Qb6 13. Qh4 a5 14. Nc3 Qb4
15. Qg3 Ba6 16. a3 Qb8 17. Na4 Ba7 18. Be3 f4 19. Bxf4 Qb5 20. b3 Rxf4 21. Qxf4
Rf8 22. Qd2 Rxf2 23. Qxf2 Bxf2+ 24. Kxf2 c5 25. Rad1 Bb7 26. Nc3 Qc6 27. Ne4 c4
28. b4 Qb6+ 29. Nc5 axb4 30. axb4 Qxb4 31. Nxb7 Qxb7 32. Re2 Qb6+ 33. Kf1 Qb5
34. Rd4 Kf7 35. Kf2 Ke7 36. Red2 Qxe5 37. Rxd7+ Kf6 38. R7d4 Qf5+ 39. Kg1 Qe5
40. Kf2 Qf5+ 41. Ke2 Qe5+ 42. Kf3 Qh5+ 43. Kg3 Qg5+ 44. Kf2 Qf5+ 1/2-1/2

[Event "Titled Tue 26th Aug Early"]
[Site "chess.com INT"]
[Date "2025.08.26"]
[Round "1"]
[White "Dubnevych, Maksym"]
[Black "Przybylski, Bartosz"]
[Result "1-0"]
[WhiteTitle "FM"]
[BlackTitle "CM"]
[WhiteElo "2296"]
[BlackElo "2041"]
[WhiteFideId "14184001"]
[BlackFideId "21878323"]
[EventDate "2025.08.26"]

1. Nc3 d6 2. d4 Nf6 3. e4 e5 4. Nf3 Nbd7 5. Bc4 Be7 6. O-O O-O 7. Re1 c6 8. a4
h6 9. h3 Re8 10. Bb3 a5 11. Be3 exd4 12. Bxd4 Nf8 13. e5 dxe5 14. Bxe5 Be6 15.
Bxe6 Nxe6 16. Qe2 Qb6 17. Qc4 Qb4 18. Qa2 Nd7 19. Bg3 Nb6 20. Re4 Qc5 21. Rae1
Bf6 22. Be5 Bxe5 23. Nxe5 Nd5 24. Nxd5 cxd5 25. R4e2 Nd4 26. Re3 Nxc2 27. Nd3
Rxe3 28. Nxc5 Rxe1+ 29. Kh2 Nb4 30. Qb3 Rae8 31. Nxb7 Nc6 32. Qxd5 Rc1 33. Nxa5
Ne5 34. Nb3 Rc2 35. a5 Rxf2 36. a6 h5 37. a7 h4 38. a8=Q Nf3+ 39. Qxf3 1-0

[Event "Titled Tue 26th Aug Early"]
[Site "chess.com INT"]
[Date "2025.08.26"]
[Round "1"]
[White "Williams, Simon K"]
[Black "Gutierrez Carmona, Juan Alejandro"]
[Result "1-0"]
[WhiteTitle "GM"]
[BlackTitle "FM"]
[WhiteElo "2444"]
[BlackElo "2036"]
[WhiteFideId "404454"]
[BlackFideId "5106770"]
[EventDate "2025.08.26"]

1. d4 d5 2. Bg5 h6 3. Bh4 Bf5 4. e3 Nd7 5. Nf3 c6 6. c4 Ngf6 7. Nc3 e6 8. Qb3
Qb6 9. c5 Qc7 10. Rc1 Be7 11. Bg3 Qc8 12. Be2 O-O 13. O-O Nh5 14. Qd1 Nxg3 15.
hxg3 Bf6 16. b4 Re8 17. b5 e5 18. Qa4 exd4 19. exd4 Qc7 20. Rfe1 a6 21. bxc6
bxc6 22. Bf1 Rxe1 23. Rxe1 Qb7 24. Nd1 a5 25. Ne3 Bg6 26. Rc1 Ra6 27. Rc3 Ra7
28. Rb3 Qc7 29. Qa3 Be4 30. Qa4 Bxf3 31. gxf3 Nf8 32. Nf5 Ne6 33. Rb6 1-0

[Event "Titled Tue 26th Aug Early"]
[Site "chess.com INT"]
[Date "2025.08.26"]
[Round "1"]
[White "Devaev, Alexander"]
[Black "Tang, Andrew"]
[Result "0-1"]
[WhiteTitle "FM"]
[BlackTitle "GM"]
[WhiteElo "2306"]
[BlackElo "2538"]
[WhiteFideId "4169395"]
[BlackFideId "2059630"]
[EventDate "2025.08.26"]

1. d4 d5 2. Nf3 Nf6 3. c4 e6 4. cxd5 exd5 5. Nc3 c6 6. Bg5 Bf5 7. e3 Nbd7 8. Nh4
Be6 9. Nf3 h6 10. Bh4 g5 11. Bg3 Nh5 12. Bd3 g4 13. Nh4 Qf6 14. Qc2 Nxg3 15.
hxg3 O-O-O 16. O-O-O Kb8 17. Kb1 h5 18. Rhf1 Bd6 19. Nf5 Bc7 20. a3 c5 21. dxc5
Nxc5 22. Nd4 Be5 23. Nce2 Rc8 24. Qd2 Bd7 25. Rc1 Qb6 26. Bc2 a6 27. Ka2 f6 28.
Rfd1 Be8 29. Bf5 Rc7 30. Nc3 Bf7 31. Bc2 Rd8 32. Qe2 Rdc8 33. Qd2 Ne4 34. Nxe4
dxe4+ 35. Kb1 Qc5 0-1

[Event "Titled Tue 26th Aug Early"]
[Site "chess.com INT"]
[Date "2025.08.26"]
[Round "1"]
[White "Lisenkov, Svyatoslav"]
[Black "Dovgaliuk, Oleksandr"]
[Result "1-0"]
[WhiteTitle "FM"]
[BlackTitle "FM"]
[WhiteElo "2343"]
[BlackElo "2316"]
[WhiteFideId "34264183"]
[BlackFideId "14167247"]
[EventDate "2025.08.26"]

1. e4 c5 2. Nf3 d6 3. Be2 Nf6 4. Nc3 Nc6 5. O-O g6 6. d3 Bg7 7. a4 O-O 8. Nh4 e5
9. f4 Nxe4 10. Nxe4 Qxh4 11. f5 gxf5 12. Bg5 Qxg5 13. Nxg5 h6 14. Nf3 e4 15. Nh4
Bxb2 16. Rb1 Bd4+ 17. Kh1 Ne7 18. dxe4 fxe4 19. c3 Be5 20. Bc4 Kg7 21. Qh5 f5
22. Rbe1 Bd7 23. Bb5 Be6 24. Re3 a6 25. Be2 Rf6 26. Bd1 d5 27. Nf3 Bf4 28. Ree1
exf3 29. Rxf3 Bd6 30. Rfe3 Bf7 31. Rxe7 Bxe7 32. Rxe7 Re8 33. Qe2 Rxe7 34. Qxe7
Re6 35. Qh4 Re4 36. Qg3+ Kf6 37. h3 Be6 38. Bc2 Re2 39. Bd3 Re5 40. Qh4+ Kg7 41.
Qe7+ Kg6 42. Qxc5 Kf6 43. Qf8+ Bf7 44. Qh8+ Ke7 45. Qxe5+ 1-0

[Event "Titled Tue 26th Aug Early"]
[Site "chess.com INT"]
[Date "2025.08.26"]
[Round "1"]
[White "Shafer, Logan C"]
[Black "Sobek, Jaroslav"]
[Result "1-0"]
[WhiteTitle "CM"]
[BlackTitle "FM"]
[WhiteElo "2234"]
[BlackElo "2195"]
[WhiteFideId "30993342"]
[BlackFideId "301388"]
[EventDate "2025.08.26"]

1. e4 c5 2. Nc3 a6 3. g3 b5 4. Bg2 Bb7 5. d3 e6 6. Nge2 d5 7. O-O d4 8. Nb1 Nd7
9. f4 Qc7 10. Nd2 Ngf6 11. h3 h5 12. a4 Be7 13. b3 Bc6 14. axb5 axb5 15. Rxa8+
Bxa8 16. Bb2 O-O 17. Kh2 Rd8 18. b4 Nb6 19. bxc5 Bxc5 20. Nb3 Na4 21. Bxd4 Bxd4
22. Nexd4 Nc3 23. Qd2 b4 24. Ne2 Rc8 25. Nxc3 Qxc3 26. Qxc3 Rxc3 27. Rf2 Bc6 28.
Nd4 Ba4 29. e5 Nd7 30. Bf3 Nc5 31. Bxh5 b3 32. cxb3 Bxb3 33. Nxb3 Nxb3 34. Be2
Nd4 35. Bf1 g6 36. g4 Rc1 37. Kg2 Rd1 38. Ra2 Kg7 39. Kf2 Rd2+ 40. Rxd2 1-0

[Event "Titled Tue 26th Aug Early"]
[Site "chess.com INT"]
[Date "2025.08.26"]
[Round "1"]
[White "Saydaliev, Saidakbar"]
[Black "Ljukin, Sergei"]
[Result "0-1"]
[WhiteTitle "IM"]
[BlackTitle "FM"]
[WhiteElo "2455"]
[BlackElo "2362"]
[WhiteFideId "14203693"]
[BlackFideId "14102200"]
[EventDate "2025.08.26"]

1. Nf3 d5 2. g3 Nc6 3. d4 Bg4 4. Bg2 Qd7 5. O-O Bh3 6. c4 Bxg2 7. Kxg2 e6 8. Nc3
Nf6 9. Bg5 Be7 10. Bxf6 Bxf6 11. cxd5 exd5 12. e3 Ne7 13. e4 dxe4 14. Nxe4 O-O-O
15. Nxf6 gxf6 16. Qb3 Qd5 17. Qxd5 Nxd5 18. Rfe1 Rhe8 19. Nh4 Kd7 20. Nf5 Rxe1
21. Rxe1 Re8 22. Ne3 Re4 23. Nc2 Rxe1 24. Nxe1 Nb4 25. a3 Nc6 26. Nc2 Kd6 27.
Kf3 Kd5 28. Ke3 Kc4 29. Ke4 Kb3 30. Ne3 Kxb2 31. Nd5 Kxa3 32. Nxc7 Kb3 33. d5
Nd8 34. Kf5 a5 35. Kxf6 a4 36. Nb5 Kb4 37. Nd4 Kc5 38. Ke5 b5 39. f4 b4 40. f5
b3 41. Ne6+ fxe6 42. dxe6 b2 43. e7 Nc6+ 44. Kf6 Nxe7 45. Kxe7 b1=Q 46. f6 Qe4+
47. Kf8 Kd6 48. f7 Ke6 49. Kg8 Qg6+ 50. Kh8 Qxf7 0-1

[Event "Titled Tue 26th Aug Early"]
[Site "chess.com INT"]
[Date "2025.08.26"]
[Round "1"]
[White "Munoz, Francisco Javier"]
[Black "Fronda, Jan Jodilyn"]
[Result "1-0"]
[WhiteTitle "FM"]
[BlackTitle "WIM"]
[WhiteElo "2389"]
[BlackElo "2115"]
[WhiteFideId "128368"]
[BlackFideId "5204585"]
[EventDate "2025.08.26"]

1. e4 c5 2. Nc3 d6 3. d4 cxd4 4. Qxd4 Nf6 5. b3 g6 6. Bb2 Bg7 7. Bb5+ Bd7 8.
Bxd7+ Qxd7 9. O-O-O Nc6 10. Qe3 O-O 11. f3 Rac8 12. Kb1 Rfd8 13. Nge2 Qc7 14. g4
Qa5 15. h4 h5 16. gxh5 Nxh5 17. Rd5 Qb6 18. Qxb6 axb6 19. Rb5 Nd4 20. Nxd4 Bxd4
21. Nd5 Bxb2 22. Nxe7+ Kg7 23. Nxc8 Be5 24. Nxb6 Ng3 25. Re1 Rh8 26. Nc4 Bc3 27.
Re3 Bd4 28. Rd3 Ne2 29. Rxd4 Nxd4 30. Rxb7 Nxf3 31. Nxd6 Ne5 32. a4 Rxh4 33. a5
Rh8 34. a6 g5 35. a7 Ra8 36. Ne8+ Kg6 37. Nc7 Rxa7 38. Rxa7 g4 39. Nd5 Kg5 40.
Kb2 g3 41. Ra1 Kg4 42. Kc3 Kf3 43. Kd4 Ng4 44. b4 g2 45. b5 Nh2 46. Ne3 Kf2 47.
Nxg2 Nf3+ 48. Kd5 Kxg2 49. b6 1-0

[Event "Titled Tue 26th Aug Early"]
[Site "chess.com INT"]
[Date "2025.08.26"]
[Round "1"]
[White "Willim, Michael"]
[Black "Banzea, Alexandru-Bogdan"]
[Result "0-1"]
[WhiteTitle "CM"]
[BlackTitle "IM"]
[WhiteElo "2023"]
[BlackElo "2394"]
[WhiteFideId "4632435"]
[BlackFideId "1232622"]
[EventDate "2025.08.26"]

1. c4 Nf6 2. Nf3 g6 3. Nc3 Bg7 4. e4 d6 5. d4 O-O 6. Be2 Qe8 7. Be3 e5 8. O-O
Ng4 9. Bg5 f6 10. Bc1 Nc6 11. h3 Nh6 12. Be3 f5 13. dxe5 f4 14. Bc1 dxe5 15. Nd5
Qd8 16. c5 Be6 17. Bc4 Nf7 18. a3 Qd7 19. b4 Ne7 20. Bb2 Rad8 21. Qb3 Nxd5 22.
Bxd5 Bxd5 23. exd5 Qxd5 24. Qc2 Qd3 25. Qxd3 Rxd3 26. Rfe1 Rb3 27. Bxe5 Nxe5 28.
Nxe5 Re8 29. Nc4 Rxe1+ 30. Rxe1 Rc3 31. Na5 Rxa3 32. Nxb7 Rb3 33. Re4 Bc3 34.
Rxf4 Rb1+ 35. Kh2 Be5 36. g3 Bxf4 37. gxf4 Rxb4 0-1

[Event "Titled Tue 26th Aug Early"]
[Site "chess.com INT"]
[Date "2025.08.26"]
[Round "1"]
[White "Guliev, Gasan"]
[Black "Klukin, Kirill"]
[Result "1-0"]
[WhiteTitle "CM"]
[BlackTitle "IM"]
[WhiteElo "2123"]
[BlackElo "2401"]
[WhiteFideId "34165638"]
[BlackFideId "24199273"]
[EventDate "2025.08.26"]

1. c4 c5 2. Nf3 g6 3. h4 Nf6 4. Nc3 Bg7 5. d3 Nc6 6. Be3 d6 7. Qc1 h6 8. Rb1 Ng4
9. Bf4 a6 10. a3 Bd7 11. b4 cxb4 12. axb4 Rc8 13. b5 axb5 14. Nxb5 O-O 15. e3 d5
16. Be2 dxc4 17. dxc4 Nce5 18. Nxe5 Nxe5 19. h5 g5 20. Bxe5 Bxe5 21. O-O e6 22.
Rd1 Qe7 23. Qc2 Bc6 24. Na7 Rcd8 25. Nxc6 bxc6 26. Qe4 Qc7 27. f4 gxf4 28. exf4
Bxf4 29. Bd3 Rfe8 30. Rf1 Bg5 31. Qh7+ Kf8 32. Qh8+ Ke7 33. Rxf7+ Kxf7 34. Qh7+
Kf6 35. Qxc7 Be3+ 36. Kh1 Rxd3 37. Rf1+ Kg5 38. Qe5+ Kh4 39. Qe4+ 1-0

[Event "Titled Tue 26th Aug Early"]
[Site "chess.com INT"]
[Date "2025.08.26"]
[Round "1"]
[White "Foldes, Marton Gabor"]
[Black "Aravindh, Chithambaram VR."]
[Result "0-1"]
[WhiteTitle "FM"]
[BlackTitle "GM"]
[WhiteElo "2293"]
[BlackElo "2723"]
[WhiteFideId "794708"]
[BlackFideId "5072786"]
[EventDate "2025.08.26"]

1. e4 Nc6 2. Bb5 e5 3. Nf3 a6 4. Ba4 Nge7 5. O-O Ng6 6. c3 d5 7. exd5 Qxd5 8.
Re1 Bg4 9. Bb3 Bxf3 10. Bxd5 Bxd1 11. Rxd1 Nf4 12. Bc4 Bd6 13. d4 exd4 14. cxd4
O-O-O 15. Nc3 Rd7 16. Be3 Kb8 17. a3 Re8 18. b4 Na7 19. b5 axb5 20. Nxb5 Nxb5
21. Bxb5 c6 22. Bc4 Nd5 23. Bxd5 cxd5 24. a4 Rc8 25. Rdb1 Rc4 26. a5 Rb4 27. Rc1
Rc7 28. Rxc7 Bxc7 29. Kf1 Ka7 30. Ke2 Ka6 31. Rc1 Rc4 32. Ra1 Bxa5 33. Bd2 b6
34. Kd3 Rc6 35. Bf4 Rc3+ 36. Ke2 Rc2+ 37. Kf3 Kb5 38. Rb1+ Ka4 39. Bc7 Rxc7 0-1

[Event "Titled Tue 26th Aug Early"]
[Site "chess.com INT"]
[Date "2025.08.26"]
[Round "1"]
[White "Koridze, Lile"]
[Black "Molaei, Mohammadamin"]
[Result "0-1"]
[WhiteTitle "WFM"]
[BlackTitle "IM"]
[WhiteElo "2110"]
[BlackElo "2325"]
[WhiteFideId "13612514"]
[BlackFideId "12541451"]
[EventDate "2025.08.26"]

1. d4 e6 2. c4 b6 3. Nf3 Bb7 4. g3 f5 5. Bg2 Bb4+ 6. Bd2 Be7 7. O-O Nf6 8. Nc3
O-O 9. Qc2 Ne4 10. Rad1 Bf6 11. Bc1 d6 12. d5 Bxc3 13. bxc3 e5 14. Nd2 Nxd2 15.
Bxd2 Nd7 16. e4 f4 17. gxf4 exf4 18. f3 Ne5 19. Bc1 Ba6 20. Rfe1 Bxc4 21. Kh1
Qh4 22. Bf1 Nxf3 23. Bxc4 Nxe1 24. Qe2 f3 25. Qxe1 Qg4 26. Qf2 Qxe4 27. Bd3 Qe5
28. c4 Rae8 29. Bb2 Qe3 30. Rg1 Rf7 31. Qf1 f2 32. Rg3 Qe1 33. Kg2 Qd2 34. Bc3
Qxa2 35. Bb1 Qa4 36. Qc1 f1=Q+ 37. Qxf1 Rxf1 38. Rxg7+ Kf8 39. Kxf1 Qd1+ 40. Kg2
Qxb1 0-1

[Event "Titled Tue 26th Aug Early"]
[Site "chess.com INT"]
[Date "2025.08.26"]
[Round "1"]
[White "Souleidis, Georgios"]
[Black "Essing, Arnold"]
[Result "1-0"]
[WhiteTitle "IM"]
[BlackTitle "FM"]
[WhiteElo "2418"]
[BlackElo "2206"]
[WhiteFideId "4206827"]
[BlackFideId "4619862"]
[EventDate "2025.08.26"]

1. e4 Nf6 2. Nc3 e5 3. d4 exd4 4. Qxd4 Nc6 5. Qd3 Bc5 6. Bf4 d6 7. Qd2 Bb4 8. f3
Be6 9. O-O-O d5 10. a3 Bxc3 11. Qxc3 Qe7 12. Bb5 O-O 13. e5 Nd7 14. Ne2 Nb6 15.
Rhe1 a6 16. Bxc6 bxc6 17. Nd4 c5 18. Nc6 Qd7 19. Na5 d4 20. Qxc5 Na4 21. Qxd4
Qb5 22. Qb4 Rab8 23. Qxb5 Rxb5 24. b4 c5 25. c4 Rbb8 26. Bd2 cxb4 27. axb4 Rfc8
28. Re4 Bf5 29. Rd4 Nb6 30. c5 Na4 31. Be1 1-0

[Event "Titled Tue 26th Aug Early"]
[Site "chess.com INT"]
[Date "2025.08.26"]
[Round "1"]
[White "Gavarrete, Nahun"]
[Black "Al-Tarboush, Ward"]
[Result "0-1"]
[WhiteTitle "FM"]
[BlackTitle "FM"]
[WhiteElo "2281"]
[BlackElo "2224"]
[WhiteFideId "8400709"]
[BlackFideId "7601450"]
[EventDate "2025.08.26"]

1. e4 e6 2. d4 d5 3. e5 c5 4. c3 Nc6 5. Nf3 Qb6 6. a3 Nh6 7. b4 cxd4 8. cxd4 Nf5
9. Bb2 a5 10. b5 a4 11. g4 Nh6 12. h3 Be7 13. Nc3 O-O 14. Be2 Bd7 15. Nxa4 Qa5+
16. Nc3 Na7 17. Qb3 Nc8 18. O-O Nb6 19. a4 Rac8 20. Rfc1 Nc4 21. Nd1 f6 22. Bxc4
dxc4 23. Rxc4 fxe5 24. Rxc8 Bxc8 25. dxe5 b6 26. Bd4 Qa8 27. Nd2 Bg5 28. Nc4 Rf3
29. Nxb6 Qe4 30. Qb1 Qe1+ 31. Kg2 Bb7 32. Qe4 Bxe4 33. Nd5 Rxf2+ 34. Kg3 Rg2# 0-1

[Event "Titled Tue 26th Aug Early"]
[Site "chess.com INT"]
[Date "2025.08.26"]
[Round "1"]
[White "Mikhailovsky, Vladimir"]
[Black "Silva, Luca"]
[Result "1-0"]
[WhiteTitle "CM"]
[BlackTitle "FM"]
[WhiteElo "2215"]
[BlackElo "2214"]
[WhiteFideId "34105414"]
[BlackFideId "147370"]
[EventDate "2025.08.26"]

1. e4 e6 2. d4 d5 3. Nc3 Nf6 4. e5 Nfd7 5. Nce2 c5 6. c3 Nc6 7. f4 Be7 8. Nf3 b5
9. dxc5 Bxc5 10. Ned4 Nxd4 11. cxd4 Bb4+ 12. Bd2 Qa5 13. Bd3 Nb6 14. O-O Bxd2
15. Nxd2 Nc4 16. Nb3 Qb6 17. Rf2 O-O 18. Nc5 Ne3 19. Qf3 Nf5 20. Bxf5 exf5 21.
Rc2 Be6 22. Rac1 Rfc8 23. Qg3 h6 24. h3 b4 25. Qb3 a5 26. Qa4 Kh7 27. Kf2 Rc6
28. Nxe6 Rxc2+ 29. Rxc2 fxe6 30. Ke3 Qa6 31. Qc6 a4 32. Qxa6 Rxa6 33. Rc7 a3 34.
b3 Rb6 35. g4 Kg6 36. Kf3 fxg4+ 37. hxg4 Kh7 38. f5 h5 39. f6 hxg4+ 40. Kxg4 Kh8
41. Rc8+ Kh7 42. f7 1-0